000 00392nam a2200157Ia 4500
008 230711s9999||||xx |||||||||||||| ||und||
041 _aENG
082 _a629.2
_bCR-A
100 _aCroure,Anglin
245 0 _aAutomotive mechanics
250 _a10th Ed.
260 _c2007
_aNew Delhi
_bTata McGraw Hill Education Limited
300 _a820
650 _aMechanical Engineering
942 _cBK
999 _c4659
_d4659